| 000 | 00335nam a22001457a 4500 | ||
|---|---|---|---|
| 003 | OSt | ||
| 005 | 20160727222348.0 | ||
| 008 | 160621b xxu||||| |||| 00| 0 eng d | ||
| 040 | _cTEST | ||
| 100 |
_9302 _aReader's Digest |
||
| 245 | _aDrama in Real life | ||
| 260 |
_aBombay _bRDI _c1987 |
||
| 300 | _aDrama in Real life | ||
| 942 |
_2ddc _cBK |
||
| 999 |
_c246 _d246 |
||